| 000 -CABECERA |
| Longitud fija campo de control |
02504cam a22003857a 4500 |
| 003 - IDENTIFICADOR DEL NÚMERO DE CONTROL |
| Identificador del número de control |
OSt |
| 005 - FECHA Y HORA DE LA ÚLTIMA TRANSACCIÓN |
| Fecha y hora de la última transacción |
20180117160905.0 |
| 008 - CÓDIGOS DE INFORMACIÓN DE LONGITUD FIJA |
| Códigos de información de longitud fija |
180117s2016 spca 000 0 cat|d |
| 017 ## - NÚMERO DE COPYRIGHT O DE DEPÓSITO LEGAL |
| Número de copyright o de depósito legal |
DL B 22801-2016 |
| Agencia que asigna el número |
Biblioteca de Catalunya |
| 020 ## - NÚMERO INTERNACIONAL NORMALIZADO PARA LIBROS |
| Número Internacional Normalizado para Libros (ISBN) |
9788416547005 |
| Qualifying information |
(cartoné) |
| 040 ## - FUENTE DE LA CATALOGACIÓN |
| Centro catalogador de origen |
ES-BaCBU |
| Lengua de catalogación |
cat |
| Centro transcriptor |
CDMR |
| 245 02 - MENCIÓN DE TÍTULO |
| Título |
L'humor gràfic a Barcelona |
| Resto del título |
: 175 anys de tradició humorística catalana : (1841-2016) / |
| Mención de responsabilidad, etc. |
Jordi Artigas, Santi Barjau, Josep M. Cadena, Jaume Capdevila, Rai Ferrer, Antoni Guiral, Ricard Mas, Jordi Riera Pujal, Eloïsa Sendra |
| 260 ## - PUBLICACIÓN, DISTRIBUCIÓN, ETC. (PIE DE IMPRENTA) |
| Lugar de publicación, distribución, etc. |
Barcelona : |
| Nombre del editor, distribuidor, etc. |
Efadós ; Ajuntament de Barcelona, |
| Fecha de publicación, distribución, etc. |
2016 |
| 300 ## - DESCRIPCIÓN FÍSICA |
| Extensión |
214 pàgines : |
| Otras características físicas |
il·lustracions ; |
| Dimensiones |
27 cm |
| 505 8# - NOTA DE CONTENIDO CON FORMATO |
| Nota de contenido con formato |
Conté: Pròleg / Jaume Capdevia - L'Humorisme gràfic, una activitat artística i periodística / Santi Barjau - Fons i col·leccions de l'Arxiu Històric de la Ciutat de Barcelona, els dibuixos per a publicacions periòdiques com a element de patrimoni / Eloïsa Sendra - Tomàs Padró a "La Flaca" (1868-1897) i l'ecolosió de la caricatura a la premsa política / Jaume Capdevila - Els alcaldes de Barcelona en caricatura / Josep M. Cadena - Qui no anuncia no ven!, els artistes catalans i la publicitat (1888-1929) / Ricard Mas - La "Memòria dels Dibuixants", projecte de recuperació històrica / Jordi Artigas - "Tío Vivo", cinc dibuixants a contracorrent / Antoni Guiral - Tres revistes infantils en català en ple franquisme, "Cavall Fort", "L'Infantil-Tretzevents" i "Patufet" / Jordi Riera Pujal - La Transició democràtica : Perich, entre "Cavall Fort" i "Por Favor" / Rai Ferrer |
| 610 20 - PUNTO DE ACCESO ADICIONAL DE MATERIA - NOMBRE DE ENTIDAD CORPORATIVA |
| Nombre de entidad corporativa o nombre de jurisdicción como elemento inicial |
Arxiu Històric de la Ciutat (Barcelona, Catalunya) |
| 9 (RLIN) |
3217 |
| 650 #7 - PUNTO DE ACCESO ADICIONAL DE MATERIA - TÉRMINO DE MATERIA |
| Término de materia o nombre geográfico como elemento inicial |
Humorisme gràfic català |
| Subdivisión de materia general |
Història |
| Fuente del encabezamiento o término |
lemac |
| 650 #4 - PUNTO DE ACCESO ADICIONAL DE MATERIA - TÉRMINO DE MATERIA |
| Término de materia o nombre geográfico como elemento inicial |
Humorisme gràfic català |
| Subdivisión cronológica |
1841-2016 |
| 650 #4 - PUNTO DE ACCESO ADICIONAL DE MATERIA - TÉRMINO DE MATERIA |
| Término de materia o nombre geográfico como elemento inicial |
Sàtira política catalana |
| 650 #4 - PUNTO DE ACCESO ADICIONAL DE MATERIA - TÉRMINO DE MATERIA |
| Término de materia o nombre geográfico como elemento inicial |
Revistes catalanes |
| Subdivisión geográfica |
Barcelona |
| Subdivisión cronológica |
1841-2016 |
| 9 (RLIN) |
4401 |
| 650 04 - PUNTO DE ACCESO ADICIONAL DE MATERIA - TÉRMINO DE MATERIA |
| Término de materia o nombre geográfico como elemento inicial |
Còmics |
| Subdivisión geográfica |
Barcelona |
| 9 (RLIN) |
3313 |
| Subdivisión de materia general |
Història i crítica |
| 650 04 - PUNTO DE ACCESO ADICIONAL DE MATERIA - TÉRMINO DE MATERIA |
| Término de materia o nombre geográfico como elemento inicial |
Dibuixants |
| Subdivisión geográfica |
Barcelona |
| 9 (RLIN) |
3384 |
| 650 07 - PUNTO DE ACCESO ADICIONAL DE MATERIA - TÉRMINO DE MATERIA |
| Término de materia o nombre geográfico como elemento inicial |
Alcaldes |
| Subdivisión geográfica |
Barcelona (Catalunya) |
| Subdivisión de materia general |
Caricatures, dibuixos humorístics, etc. |
| Fuente del encabezamiento o término |
lemac |
| 700 1# - PUNTO DE ACCESO ADICIONAL - NOMBRE DE PERSONA |
| Nombre de persona |
Artigas, Jordi, |
| Fechas asociadas al nombre |
1948-, |
| 700 1# - PUNTO DE ACCESO ADICIONAL - NOMBRE DE PERSONA |
| Nombre de persona |
Barjau, Santi |
| Fechas asociadas al nombre |
1962 - |
| 9 (RLIN) |
4549 |
| 700 0# - PUNTO DE ACCESO ADICIONAL - NOMBRE DE PERSONA |
| Nombre de persona |
Kap |
| Fechas asociadas al nombre |
1974-, |
| 9 (RLIN) |
1346 |
| 700 1# - PUNTO DE ACCESO ADICIONAL - NOMBRE DE PERSONA |
| Nombre de persona |
Cadena, Josep M. |
| Fechas asociadas al nombre |
1935- |
| 9 (RLIN) |
2992 |
| Forma desarrollada del nombre |
(Josep Maria) |
| 700 1# - PUNTO DE ACCESO ADICIONAL - NOMBRE DE PERSONA |
| Nombre de persona |
Ferrer, Rai, |
| Fechas asociadas al nombre |
1942-, |
| 700 1# - PUNTO DE ACCESO ADICIONAL - NOMBRE DE PERSONA |
| Nombre de persona |
Guiral, Antoni, |
| 700 1# - PUNTO DE ACCESO ADICIONAL - NOMBRE DE PERSONA |
| Nombre de persona |
Mas, Ricard, |
| Fechas asociadas al nombre |
1966-, |
| 700 1# - PUNTO DE ACCESO ADICIONAL - NOMBRE DE PERSONA |
| Nombre de persona |
Riera Pujal, Jordi, |
| 700 1# - PUNTO DE ACCESO ADICIONAL - NOMBRE DE PERSONA |
| Nombre de persona |
Sendra i Salillas, Eloïsa, |
| 710 1# - PUNTO DE ACCESO ADICIONAL - NOMBRE DE ENTIDAD |
| Nombre de entidad o nombre de jurisdicción como elemento inicial |
Barcelona |
| Unidad subordinada |
-- Ajuntament |
| 9 (RLIN) |
2829 |
| 942 ## - ENTRADA DE ELEMENTOS AGREGADOS (KOHA) |
| Koha [por defecto] tipo de item |
Monografies |